00359 2200145 4500001002100000005001500021035002000036245006200056100001200118300001200130260003700142082000800179084001400187990001200201INLIS00000000000195920250523093558 a0010-05250002511 aManajemen Penelitian Tindakan Kelas /cDrs. Sudikin, M.Pd0 aSudikin a201 hlm aJakarta :bInsan Cendekia,c2008 a370 a370 SUD m a0713505